Pays d'Europe en images (aléatoire) - Statistiques

Statistiques générales
  • Ce quiz a été pris 33 fois
  • Le résultat moyen est 3 sur 10
Statistiques - réponses
Par images Réponse % Correct
Lettonie (Riga)
100%
Russie (Moscou)
100%
Italie (Manarola)
80%
Allemagne (Cologne)
71%
Espagne (Barcelone)
70%
Grèce (Météores)
67%
France (Nantes)
50%
Malte (La Valette)
50%
Roumanie (Château de Peleș)
50%
Ukraine (Kiev)
50%
Belgique (Anvers)
33%
Croatie (Pula)
33%
Suisse (Bâle)
33%
Islande (Reykjavik)
29%
Slovaquie (Bratislava)
29%
Autriche (Salzbourg)
25%
Finlande (Helsinki)
25%
Monaco
25%
Pologne (Gdansk)
25%
Suède (Stockholm)
25%
Vatican
25%
Andorre (Andorre-la-Vieille)
20%
Bosnie-Herzégovine (Mostar)
20%
Luxembourg
20%
Norvège (Oslo)
20%
Slovénie (Lac de Bled)
20%
Albanie (Tirana)
17%
Monténégro (Kotor)
17%
Royaume-Uni (Edimbourg)
14%
Tchéquie (Český Krumlov)
14%
Biélorussie (Château de Mir)
0%
Bulgarie (Sofia)
0%
Danemark (Copenhague)
0%
Estonie (Tallinn)
0%
Hongrie (Budapest)
0%
Irlande (Cork)
0%
Kosovo (Pristina)
0%
Liechtenstein (Vaduz)
0%
Lituanie (Vilnius)
0%
Macédoine du Nord (Skopje)
0%
Moldavie (Chisinau)
0%
Pays-Bas (Rotterdam)
0%
Portugal (Sintra)
0%
Saint-Marin
0%
Serbie (Belgrade)
0%
Aucun quiz correspondant
Distribution des résultats
% des personnes avec chaque résultat
Percentile par nombre de réponses
Votre historique - résultats
Vous n’avez pas pris ce quiz